|
|
|
|
| LEADER |
00886nam a2200193 a 4500 |
| 008 |
090701r19801978hk a u000 0 eng d |
| 082 |
0 |
0 |
|a 790.1922
|2 19
|
| 245 |
1 |
0 |
|a Let's play Asian children's games /
|c compiled by Opal Dunn
|
| 260 |
|
|
|a Hong Kong :
|b Macmillan Southeast Asia in association with the Asian Cultural Centre for UNESCO,
|c 1978 [reprinted 1980]
|
| 300 |
|
|
|a vii, 200 p. :
|b ill. ;
|c 18 cm.
|
| 490 |
1 |
|
|a Asian copublication programme series ;
|v no. 3
|
| 541 |
1 |
|
|e 00002644
|
| 650 |
|
0 |
|a Games, Asian
|
| 700 |
1 |
|
|a Dunn, Opal
|
| 710 |
2 |
|
|a Asian Cultural Centre for Unesco
|
| 830 |
|
0 |
|a Asian copublication programme series ;
|v no. 3
|
| 852 |
4 |
|
|a Ayesha Abed Library
|j General shelf
|
| 999 |
|
|
|c 1952
|d 1952
|
| 952 |
|
|
|0 0
|1 0
|2 ddc
|4 0
|6 790_192200000000000_LET
|7 0
|9 1791
|a BRACUL
|b BRACUL
|c GEN
|d 2009-07-02
|g 752.00
|l 3
|m 9
|o 790.1922 LET
|p 3010002644
|r 2019-09-15
|s 2019-08-07
|t 1
|v 1504.00
|w 2009-07-02
|y BK
|